| 000 | 00812nam a2200217 a 4500 | ||
|---|---|---|---|
| 001 | 000512774 | ||
| 003 | AM-YeHGA | ||
| 005 | 20250617162754.0 | ||
| 008 | 061205s1959 ru c||||r|||| 000|0|rus|d | ||
| 040 | _aAM-YeHGA | ||
| 041 | 0 | _arus | |
| 100 | 1 |
_aГорький, Максим _d1868-1936 _gАлексей Максимович Пешков |
|
| 245 | 1 | 0 |
_aЛитературные портреты / _cМ. Горький; Пред. Е. Тагера; Прим. М. Петровой. |
| 260 |
_aЛенинград : _bХудож. лит., _c1959. |
||
| 300 | _a591 с., [16] л. фото. | ||
| 440 | 0 | _aСерия литературных мемуаров | |
| 650 | 1 | 4 |
_aРусская литература _xМемуары |
| 700 | 1 | _aТагер, Е. | |
| 700 | 1 | _aПетрова, М. | |
| 090 | _c498671 | ||
| 999 |
_c495281 _d495281 |
||